LEADER 01185nam a2200265 u 4500 001 000000091142 003 CaOOAMICUS 005 20070226124811.0 008 060216s2004 gw u000 u ger u 020 $a3-17-018327-3 035 $a11077519 040 $aPUL$bita 100 1 $aWengst, Klaus.$0(OLS)http://pul/name/9371 245 10$aJesus zwischen Juden und Christen :$bRe-Visionen im VerhÄaltnis der Kirche zu Israel /$cKlaus Wengst. 250 $aZweite, durchgesehene und erweiterte Aufl. 260 $aStüttgart :$bKohlhammer,$c2004. 300 $a208 p. ;$c21 cm 504 $aIncludes bibliographical references (p.148-160). 650 4$aGiudaismo e altre religioni$xCristianesimo.$0(OLS)http://pul/subject/16735 850 $aPUL 852 $aPUL$W1$xSL Religione 3$y85$m261. 2 WENKL 1$j114868$nBK-PRI$b $qDDC 21$B114868$CPULBib$Z2$F114868 $HPUL100238 $81 941 1 $a9 996 $6020$a3-17-018327-3$9(OLS)http://pul/number/119474 996 $6245$aJesus zwischen Juden und Christen :$bRe-Visionen im VerhÄaltnis der Kirche zu Israel$9(OLS)http://pul/title/117680 996 $6260$aStüttgart :$bKohlhammer$9(OLS)http://pul/publisher/50537 LEADER 01241nam a2200313 a 4500 001 000000149216 003 CaOOAMICUS 005 20160331190049.0 008 160208s2013 it u000 u ita r 020 $a978-88-382-4248-9* 032 $aLibriCat 040 $aPUL$bita 082 04$a331 100 3 $aVisioli, Odoardo.$0(OLS)http://pul/name/95162 245 00$aLavoro e identità /$cOdoardo Visioli. 260 $aRoma :$bEdizioni Studium,$c©2013. 300 $a128p. ;$c19 cm 490 1 $aUniversale Studium. Nuova serie ;$v28 504 $aBibliografia in nota a piè pagina. 650 4$aLavoro$xAspetti economici e sociali.$0(OLS)http://pul/subject/1142 830 0$aUniversale Studium.$nNuova serie ;$v28.$0(OLS)http://pul/title/163896 850 $aPUL 852 $aPUL$W1$xSL Diritto e Scienze Sociali 3$y79$m331 VISOD 1$j171867$qDDC 21$B173447$CPULBib$Z2$F173447 $H126984 $81 941 1 $a9 996 $6020$a978-88-382-4248-9*$9(OLS)http://pul/number/159588 996 $6082$a331$9(OLS)http://pul/classification/392 996 $6245$aLavoro e identità$9(OLS)http://pul/title/188132 996 $6260$aRoma :$bEdizioni Studium$9(OLS)http://pul/publisher/49092